जायसीकालीन भारत : (Record no. 212957)

MARC details
000 -LEADER
fixed length control field 00768nam a22001817a 4500
005 - DATE AND TIME OF LATEST TRANSACTION
control field 20250826112901.0
010 ## - LCCN (DPL NO)
LC control number HIN-130207
020 ## - INTERNATIONAL STANDARD BOOK NUMBER
International Standard Book Number 9789382695240
Terms of availability 2100.00
035 ## - SYSTEM CONTROL NUMBER
System control number HN-102553
037 ## - SOURCE OF ACQUISITION
Source of stock number/acquisition DBAD
082 ## - DEWEY DECIMAL CLASSIFICATION NUMBER
Classification number 954.08
100 ## - MAIN ENTRY--PERSONAL NAME
Personal name प्रसाद, महाकालेश्वर
245 ## - TITLE STATEMENT
Title जायसीकालीन भारत :
Statement of responsibility, etc महाकालेश्वर प्रसाद
Remainder of title (1450 ई.-1550 ई.) /
260 ## - PUBLICATION, DISTRIBUTION, ETC. (IMPRINT)
Place of publication, distribution, etc दिल्ली
Name of publisher, distributor, etc विकल्प प्रकाशन
Date of publication, distribution, etc 2022
270 ## - ADDRESS
Address 2226/बी, प्रथम तल,गली नो.33
City दिल्ली
Postal code 110090
300 ## - PHYSICAL DESCRIPTION
Extent 719पृ.
Dimensions 23सेमी (सजिल्द )
942 ## - ADDED ENTRY ELEMENTS (KOHA)
Source of classification or shelving scheme Dewey Decimal Classification
Item type Hindi Books
Classification part 954.08
Call number suffix प्रसाद
Holdings
Withdrawn status Lost status Not for loan Collection code Home library Current library Date acquired Source of acquisition Cost, normal purchase price Full call number Barcode Copy number Cost, replacement price Koha item type
      Non-fiction Sarojini Nagar Sarojini Nagar 08/08/2025 DBAD 2100.00 954.08 प्रसाद HN-102553 1 2100.00 Hindi Books

© Delhi Public Library
Hit Counter
free hit counter